Bölgeler arası dengesizlik ve Doğu kalkınması / (Kayıt no. 10201)

MARC ayrıntıları
000 -BAŞLIK
Sabit Uzunluktaki Kontrol Alanı 00725 a2200229 4500
003 - KONTROL NUMARASI KİMLİĞİ
Kontrol Alanı KOHA
005 - EN SON İŞLEM TARİHİ ve ZAMANI
Kontrol Alanı 20260413125115.0
008 - SABİT UZUNLUKTAKİ VERİ ÖGELERİ - GENEL BİLGİ
Sabit Alan 260413b tu ||||| |||| 00| 0 tur d
040 ## - KATALOGLAMA KAYNAĞI
Özgün Kataloglama Kurumu TR-AnABB
Kataloglama Dili tur
Çeviri Kurumu TR-AnABB
041 ## - DİL KODU
Metin ya da ses kaydının dil kodu tur
082 ## - DEWEY ONU SINIFLAMA SİSTEMİ
Sınıflama Numarası 338.9561
Cutter numarası ERK 1972
100 1# - KİŞİ ADI
Yazar Adı (Kişi adı) Erkal, Mustafa E.
245 10 - ESER ADI BİLDİRİMİ
Başlık Bölgeler arası dengesizlik ve Doğu kalkınması /
Sorumluluk Bildirimi Mustafa E. Erkal
246 ## - DEĞİŞİK BAŞLIK FORMU
Başlık uygun / kısa başlık Doğu Kalkınması
260 ## - YAYIN, DAĞITIM, VB.
Yayın Yeri Ankara :
Yayınevi Şamil Yayınevi,
Yayın Tarihi 1972
300 ## - FİZİKSEL TANIMLAMA
Sayfa, Cilt vb. 262 sayfa ;
Boyutları 18 cm
490 0# - DİZİ BİLDİRİMİ
Dizi Bildirimi Şamil Yayınevi;
Cilt Numarası 12
Dizi Bildirimi Sosyal ve ekonomik dizi ;
Cilt Numarası 1
650 04 - KONU BAŞLIĞI EK GİRİŞ - KONU TERİMİ
Konusal terim veya coğrafi ad Bölgesel kalkınma
650 04 - KONU BAŞLIĞI EK GİRİŞ - KONU TERİMİ
Konusal terim veya coğrafi ad Bölgesel ve toplumsal kalkınma
900 ## - YEREL BİLGİ
Kontrol Can ÇELIK
942 ## - EK GİRİŞ ÖGELERİ (KOHA)
Sınıflama Kaynağı Dewey Decimal Classification
Materyal Türü Kitap
Mevcut
Geri Çekilme Durumu Kayıp Durumu Sınıflandırma Kaynağı Kredi için değil Kalıcı Konum Mevcut Konum Kayıt Tarih Toplam Ödünçverme Yer Numarası Demirbaş Numarası Son Görülme Tarihi Fatura Tarihi Materyal Türü
    Dewey Decimal Classification   Prof. Dr. Ruşen Keleş Kütüphanesi Prof. Dr. Ruşen Keleş Kütüphanesi 13/04/2026   338.9561 ERK 1972 RK7019 13/04/2026 13/04/2026 Kitap